Normal view
MARC view
Entry Personal Name
001 - CONTROL NUMBER
- control field: 39495
003 - CONTROL NUMBER IDENTIFIER
- control field: ARRUPE
005 - DATE AND TIME OF LATEST TRANSACTION
- control field: 20180220153654.0
008 - FIXED-LENGTH DATA ELEMENTS
- fixed length control field: 180220|| aca||aabn | a|a d
040 ## - CATALOGING SOURCE
- Original cataloging agency: ARRUPE
- Transcribing agency: ARRUPE
100 ## - HEADING--PERSONAL NAME
- Personal name: Kageler, Sue
670 ## - SOURCE DATA FOUND
- Source citation: Work cat.: (ARRUPE): Kageler, Sue, You really can do statistics, 2017